[Event "New Delhi Parsvnath op 13th"]
[Site "New Delhi"]
[Date "2015.01.10"]
[Round "2"]
[White "Adhithya, S."]
[Black "Gajwa, Ankit"]
[Result "0-1"]
[WhiteElo "1925"]
[BlackElo "2215"]
[PlyCount "58"]
[EventDate "2015.01.09"]
[EventType "tourn"]
[EventRounds "10"]
[EventCountry "IND"]
[SourceTitle "CBM 164 Extra"]
[Source "ChessBase"]
[SourceDate "2015.03.02"]
[SourceVersion "1"]
[SourceVersionDate "2015.03.02"]
[SourceQuality "1"]

1. d4 d5 2. Nf3 Nf6 3. g3 c6 4. Bg2 Bg4 5. 0-0 Nbd7 6. b3 e6 7. Bb2 Be7 8. Nbd2 0-0 9. c4 a5 10. a3 h6 11. Re1 Bf5 12. Ne5 Nxe5 13. dxe5 Nd7 14. e4 dxe4 15. Nxe4 Nc5 16. Nxc5 Bxc5 17. Be4 Qb6 18. Qf3 Bxe4 19. Rxe4 Rad8 20. Rf1 Rd7 21. Rg4 Qd8 22. Bc1 f5 23. Rg6 Qe8 24. Qh5 Kh7 25. Rxg7+ Rxg7 26. Qxh6+ Kg8 27. Rd1 Qg6 28. Qf4 Qg4 29. Qd2 f4 0-1

[Event "IND-ch U17 25th"]
[Site "Bihar"]
[Date "2014.12.10"]
[Round "11"]
[White "Lawaniya, Eshan"]
[Black "Adhithya, S."]
[Result "0-1"]
[WhiteElo "1700"]
[BlackElo "1938"]
[PlyCount "66"]
[EventDate "2014.12.02"]
[EventType "swiss"]
[EventRounds "11"]
[EventCountry "IND"]
[SourceTitle "EXT 2016"]
[Source "ChessBase"]
[SourceDate "2015.10.08"]
[SourceVersion "1"]
[SourceVersionDate "2015.10.08"]
[SourceQuality "1"]

1. e4 b6 2. d4 Bb7 3. f3 e6 4. Bd3 c5 5. c3 Nc6 6. Be3 Nf6 7. Ne2 cxd4 8. cxd4 Nb4 9. Nbc3 Nxd3+ 10. Qxd3 Rc8 11. 0-0 Be7 12. Bg5 d6 13. Bxf6 Bxf6 14. Rac1 a6 15. a4 0-0 16. b4 d5 17. e5 Be7 18. Na2 Qd7 19. Qb3 Rc4 20. Rc3 Bc6 21. a5 bxa5 22. bxa5 Bb5 23. Ra1 Rfc8 24. Nac1 Qa7 25. Rxc4 Rxc4 26. Qe3 Qc7 27. f4 Bb4 28. g4 Rc2 29. f5 Bd2 30. Qa3 Bg5 31. Kf2 Qc4 32. Ra2 Bxc1 33. Rxc2 Bxa3 0-1

[Event "IND-ch U17 25th"]
[Site "Bihar"]
[Date "2014.12.08"]
[Round "9"]
[White "Adhithya, S."]
[Black "Prasannaa, S."]
[Result "1/2-1/2"]
[WhiteElo "1938"]
[BlackElo "2181"]
[PlyCount "144"]
[EventDate "2014.12.02"]
[EventType "swiss"]
[EventRounds "11"]
[EventCountry "IND"]
[SourceTitle "EXT 2016"]
[Source "ChessBase"]
[SourceDate "2015.10.08"]
[SourceVersion "1"]
[SourceVersionDate "2015.10.08"]
[SourceQuality "1"]

1. Nf3 d5 2. d4 c6 3. g3 Nf6 4. Bg2 b5 5. 0-0 e6 6. Bf4 Be7 7. c3 a5 8. Nbd2 0-0 9. Ne5 Bb7 10. Nd3 Na6 11. e4 c5 12. e5 Nd7 13. Be3 cxd4 14. cxd4 Nb4 15. Nxb4 axb4 16. Nb3 Rc8 17. Qd3 Rc4 18. Nd2 Nb6 19. Nxc4 dxc4 20. Qc2 Bxg2 21. Kxg2 Nd5 22. Rfd1 Qa5 23. Kg1 Rc8 24. Bd2 Qa6 25. Be1 h6 26. b3 Bd8 27. Rac1 Be7 28. Qe2 Bg5 29. Rc2 Qc6 30. h4 Be7 31. Rdc1 Nb6 32. f3 Qd5 33. Bf2 h5 34. Qe4 c3 35. Qxd5 Nxd5 36. Kf1 Kf8 37. Ke2 Ke8 38. Kd3 Kd7 39. Re1 Rg8 40. f4 Ra8 41. Ke4 Nc7 42. Rd1 Kc6 43. Bg1 Rg8 44. Rf1 f5+ 45. Kd3 Kd5 46. Be3 Ra8 47. Rg1 Rh8 48. Bf2 Na6 49. Ra1 Rc8 50. Rac1 Bd8 51. Rd1 Bb6 52. Bg1 Ba5 53. Be3 Nb8 54. Bf2 Nc6 55. Be3 Bb6 56. Re2 Ra8 57. Rc2 Rd8 58. Re2 Rh8 59. Kc2 Bxd4 60. Kd3 Kc5 61. Bc1 Ra8 62. Be3 Rd8 63. Kc2 Ra8 64. Kd3 Ra7 65. Bc1 Rd7 66. Kc2 Rd5 67. Rd3 Rd8 68. Be3 Ra8 69. Rxd4 Nxd4+ 70. Kd3 Rd8 71. Rc2 Rd5 72. Rh2 Rd7 1/2-1/2

[Event "IND-ch U17 25th"]
[Site "Bihar"]
[Date "2014.12.03"]
[Round "3"]
[White "Adhithya, S."]
[Black "Dias, Aston"]
[Result "1-0"]
[WhiteElo "1938"]
[BlackElo "1462"]
[PlyCount "75"]
[EventDate "2014.12.02"]
[EventType "swiss"]
[EventRounds "11"]
[EventCountry "IND"]
[SourceTitle "EXT 2016"]
[Source "ChessBase"]
[SourceDate "2015.10.08"]
[SourceVersion "1"]
[SourceVersionDate "2015.10.08"]
[SourceQuality "1"]

1. d4 Nf6 2. Nf3 g6 3. g3 Bg7 4. Bg2 0-0 5. 0-0 d5 6. c3 b6 7. Nbd2 Bb7 8. Qc2 Ne4 9. Nxe4 dxe4 10. Ng5 Nd7 11. Nxe4 Qc8 12. Rd1 h6 13. c4 f5 14. Nc3 Bxg2 15. Kxg2 e5 16. dxe5 Nxe5 17. Nd5 Qb7 18. Kg1 Rae8 19. Bf4 c6 20. Nb4 g5 21. Bxe5 Bxe5 22. Rab1 a5 23. Nd3 Bg7 24. b4 Qe7 25. bxa5 bxa5 26. e3 Rd8 27. Qa4 f4 28. exf4 Rxd3 29. Rxd3 gxf4 30. Qxc6 fxg3 31. hxg3 Qe2 32. Qd5+ Kh8 33. Rd2 Qg4 34. Rb7 Rf5 35. Rb8+ Kh7 36. Qg8+ Kg6 37. Rb6+ Kh5 38. Qe8+ 1-0

[Event "IND-ch U15"]
[Site "Thrissur"]
[Date "2014.08.06"]
[Round "4"]
[White "Adhithya, S."]
[Black "Pranavananda, V."]
[Result "0-1"]
[WhiteElo "1944"]
[BlackElo "2085"]
[PlyCount "118"]
[EventDate "2014.08.04"]
[EventType "swiss"]
[EventRounds "11"]
[EventCountry "IND"]
[SourceTitle "CBM 162 Extra"]
[Source "ChessBase"]
[SourceDate "2014.10.17"]
[SourceVersion "1"]
[SourceVersionDate "2014.10.17"]
[SourceQuality "1"]

1. d4 d5 2. Nf3 Nf6 3. g3 c6 4. Bg2 g6 5. 0-0 Bg7 6. c3 0-0 7. Bg5 Bf5 8. Nbd2 h6 9. Bf4 Nbd7 10. Ne5 Nh5 11. Nxd7 Qxd7 12. Be3 Bh3 13. Nb3 Bxg2 14. Kxg2 f5 15. Nc5 Qc8 16. f4 Nf6 17. h3 b6 18. Nd3 Qe6 19. Bg1 Ne4 20. e3 g5 21. Nf2 Nd6 22. Re1 Qg6 23. Bh2 Bf6 24. Kh1 Kf7 25. Rg1 h5 26. Qe2 Rg8 27. Raf1 g4 28. h4 Bg7 29. Nd3 Qe6 30. Ne5+ Bxe5 31. fxe5 Ne4 32. Rf4 Qd7 33. Rgf1 e6 34. Rc1 b5 35. Rff1 c5 36. Rfd1 b4 37. cxb4 cxb4 38. Kg2 Rgc8 39. Qa6 Rc7 40. Qf1 Rac8 41. Rxc7 Rxc7 42. Rc1 Qc8 43. Rxc7+ Qxc7 44. Qd1 Qc4 45. b3 Qc3 46. Qe2 Qa1 47. Bg1 Nc3 48. Qa6 Qxa2+ 49. Qxa2 Nxa2 50. Kf1 Nc1 51. Ke1 Nxb3 52. Kd1 a5 53. Kc2 a4 54. Bf2 Na5 55. Be1 b3+ 56. Kb1 Nc4 57. Bf2 a3 58. Be1 Nxe3 59. Bb4 a2+ 0-1